FAO plant production and protection series; N25.2 Agroclimatological data for Asia: Vol.2: K-Z

Gorde:
Xehetasun bibliografikoak
Egile nagusia: FAO
Formatua: Liburua
Hizkuntza:Undetermined
Argitaratua: Rome FAO 1987
Gaiak:
Etiketak: Etiketa erantsi
Etiketarik gabe, Izan zaitez lehena erregistro honi etiketa jartzen!
Thư viện lưu trữ: Trung tâm Học liệu Trường Đại học Cần Thơ
LEADER 00566nam a2200193Ia 4500
001 CTU_29218
008 210402s9999 xx 000 0 und d
082 |a 632 
082 |b F218s/N25.2 
100 |a FAO 
245 0 |a FAO plant production and protection series; N25.2 
245 0 |b Agroclimatological data for Asia: Vol.2: K-Z 
245 0 |c FAO 
260 |a Rome 
260 |b FAO 
260 |c 1987 
650 |a agroclimatology,plants, protection of 
904 |i Nguyễn Quang Điền, 990313 
980 |a Trung tâm Học liệu Trường Đại học Cần Thơ